|
|
|
|
| LEADER |
00000nab a2200000 a 4500 |
| 001 |
vtls010867742 |
| 003 |
SK-MaSNL |
| 005 |
20260318132619.0 |
| 008 |
150909|2015 xo i| 000 0|hun |
| 015 |
|
|
|a SNBRB2015/09
|
| 038 |
|
|
|a DSZK
|
| 040 |
|
|
|a DSZK
|b slo
|c DSZK
|e AACR2
|
| 041 |
0 |
|
|a hun
|
| 044 |
|
|
|a xo
|c SK
|
| 080 |
|
|
|a 81`246.2
|x (=511.141)
|x (437.6)
|2 2001
|
| 100 |
1 |
|
|a Neszméri, Tünde,
|d 1980-
|4 aut
|9 619583
|
| 245 |
1 |
0 |
|a Helyére került a tábla
|c Neszméri Tünde
|
| 300 |
|
|
|b Fotogr.
|
| 610 |
2 |
7 |
|a Pro Civis (občianske združenie)
|2 dszk
|9 1094162
|
| 650 |
0 |
7 |
|a dvojjazyčné nápisy
|2 dszk
|9 1094163
|
| 651 |
|
7 |
|a Baka (Slovensko)
|2 SNKPHgeo
|9 92296
|
| 773 |
0 |
|
|t Szabad újság
|g Évf. XXII, sz. 72-73 (2015), o. 7
|x 1335-6631
|
| 852 |
|
|
|a DSZK
|b KIS3GCP
|
| 958 |
|
|
|a HU
|
| 958 |
|
|
|a SK
|
| 999 |
|
|
|c 2074530
|d 2076460
|